Europa en el siglo XVI

Wedi'i Gadw mewn:
Manylion Llyfryddiaeth
Prif Awdur: Koenigsberger, Helmut G (Awdur)
Awduron Eraill: Mosse, George L. (autor)
Fformat: Llyfr
Iaith:Sbaeneg
Cyhoeddwyd: Madrid Aguilar 1974
Cyfres:Cultura e Historia
Pynciau:
Tagiau: Ychwanegu Tag
Dim Tagiau, Byddwch y cyntaf i dagio'r cofnod hwn!

MARC

LEADER 00000nam a2200000 a 4500
001 UCP9963
003 CL-VaPUC
008 000407e19740000SP |||||||||||||||||spa|d
082 0 4 |a 940.232  |b KOE  |2 21 
100 |a Koenigsberger, Helmut G  |e author  |9 440956 
700 |a Mosse, George L.  |e autor  |9 601906 
245 1 0 |a Europa en el siglo XVI 
300 |a 416 p 
942 |c BK 
945 |d 20000407 00:00:00  |a rherrera 
260 |a Madrid  |b Aguilar  |c 1974 
650 0 |a Historia de Europa Siglo 16  |9 346729 
650 0 |a Vida económica   |9 388270 
650 0 |a Vida social  |9 337244 
650 0 |a Cristianismo  |9 257361 
650 7 |a REFORMA RELIGIOSA  |2 CL-VaPUC  |9 257490 
650 7 |a IMPERIOS  |2 CL-VaPUC  |9 376543 
650 7 |a MONARQUIAS  |2 CL-VaPUC  |9 388950 
651 0 |a Europa  |9 255156 
583 |a last modification  |c 20160817 04:31:50  |k Rodrigo Vera 
490 0 |a Cultura e Historia 
999 |c 286743  |d 286741 
952 |0 0  |1 0  |4 0  |6 940_232000000000000_KOE_1974  |7 0  |8 A  |9 332850  |a BIBHIS  |b BIBHIS  |d 2019-11-20  |i 1263633  |o 940.232 KOE 1974  |p 1263633  |r 2025-01-20  |w 2019-11-20  |y BK  |k HIS 
952 |0 0  |1 0  |4 0  |6 940_232000000000000_KOE_1974  |7 0  |8 A  |9 332851  |a BIBHIS  |b BIBHIS  |d 2019-11-20  |i 1263641  |o 940.232 KOE 1974  |p 1263641  |r 2025-01-20  |w 2019-11-20  |y BK  |k HIS